| 000 -LEADER |
| fixed length control field |
01350 a2200289 4500 |
| 003 - CONTROL NUMBER IDENTIFIER |
| control field |
Nust |
| 005 - DATE AND TIME OF LATEST TRANSACTION |
| control field |
20170207154049.0 |
| 010 ## - LIBRARY OF CONGRESS CONTROL NUMBER |
| LC control number |
2009929415 |
| 020 ## - INTERNATIONAL STANDARD BOOK NUMBER |
| International Standard Book Number |
0387730028 (hbk. : acid-free paper) |
| 020 ## - INTERNATIONAL STANDARD BOOK NUMBER |
| International Standard Book Number |
0387730036 (electronic version) |
| 020 ## - INTERNATIONAL STANDARD BOOK NUMBER |
| International Standard Book Number |
0387730044 (print and electronic bundle) |
| 020 ## - INTERNATIONAL STANDARD BOOK NUMBER |
| International Standard Book Number |
9780387730028 (hbk. : acid-free paper) |
| 020 ## - INTERNATIONAL STANDARD BOOK NUMBER |
| International Standard Book Number |
9780387730035 (electronic version) |
| 020 ## - INTERNATIONAL STANDARD BOOK NUMBER |
| International Standard Book Number |
9780387730042 (print and electronic bundle) |
| 035 ## - SYSTEM CONTROL NUMBER |
| System control number |
(OCoLC)ocn316434871 |
| 040 ## - CATALOGING SOURCE |
| Transcribing agency |
Nust |
| 082 04 - DEWEY DECIMAL CLASSIFICATION NUMBER |
| Classification number |
570.15195 |
| 100 ## - MAIN ENTRY--PERSONAL NAME |
| Personal name |
Stan Z. Li, Anil K. Jain. |
| 245 00 - TITLE STATEMENT |
| Title |
Encyclopedia of biometrics (E-Book) |
| Statement of responsibility, etc. |
Stan Z. Li, Anil K. Jain. |
| 260 ## - PUBLICATION, DISTRIBUTION, ETC. |
| Place of publication, distribution, etc. |
New York : |
| Name of publisher, distributor, etc. |
Springer, |
| Date of publication, distribution, etc. |
c2009. |
| 300 ## - PHYSICAL DESCRIPTION |
| Extent |
2 v. (xxxi, 1433 p.) : |
| Other physical details |
ill. ; |
| Dimensions |
27 cm. |
| 505 0# - FORMATTED CONTENTS NOTE |
| Formatted contents note |
Editorial Board. List of Contributors. Preface. A-Z entries with references.- General Issues. Biometrics. Sensors and Devices. Pattern Recognition. Data Fusion. Performance Evaluation.- Modalities. Face. Fingerprint. Iris. Hand. Vein. Signature. Speaker. Gait. Ear.- Other Modalities. Keystroke, Lip Movement, EEG, Odor, Skull, Teeth, DNA. Sample Synthesis.- Systems and Applications. System Design. Security. Applications. Forensic Science. Standardization |
| 650 #0 - SUBJECT ADDED ENTRY--TOPICAL TERM |
| Topical term or geographic name entry element |
Biometry |
| 651 ## - SUBJECT ADDED ENTRY--GEOGRAPHIC NAME |
| Geographic name |
(E-Book) |
| 700 1# - ADDED ENTRY--PERSONAL NAME |
| Personal name |
Jain, Anil K., |
| Dates associated with a name |
1948- |
| 700 1# - ADDED ENTRY--PERSONAL NAME |
| Personal name |
Li, S. Z., |
| Dates associated with a name |
1958- |
| 942 ## - ADDED ENTRY ELEMENTS (KOHA) |
| Source of classification or shelving scheme |
|
| Koha item type |
Book |